| 000 | 00363nam a2200145Ia 4500 | ||
|---|---|---|---|
| 008 | 230711s9999||||xx |||||||||||||| ||und|| | ||
| 041 | _aENG | ||
| 082 |
_a621 _bAR-S |
||
| 100 | _aArya,S.Anand | ||
| 245 | 0 | _aDesign of steel structures | |
| 250 | _a1st | ||
| 260 |
_c1989 _aNew Delhi _bTata McGraw Hill Education Limited |
||
| 650 | _aCivil Engineering | ||
| 942 | _cBK | ||
| 999 |
_c261 _d261 |
||